|
|
|
|
| LEADER |
00000cam a2200000 a 4500 |
| 001 |
vtls008395427 |
| 003 |
SK-MaSNL |
| 005 |
20260301054306.0 |
| 008 |
011107s1930 xr a frh 000 mdcze |
| 015 |
|
|
|a SNBA19191938-001896
|
| 020 |
|
|
|q (brožované)
|
| 035 |
|
|
|a SK01SNKBIKKM20010087644
|
| 035 |
|
|
|a SKM000090107
|
| 040 |
|
|
|a SNK
|b slo
|c SNK
|e AACR2
|
| 041 |
0 |
|
|a cze
|a slo
|
| 044 |
|
|
|a xr
|c CZ
|
| 072 |
|
7 |
|a 821.162.3.09
|x Česká literatúra (o nej)
|2 konspekt
|
| 072 |
|
7 |
|a 929
|x Biografie
|2 konspekt
|
| 080 |
|
|
|a 821.162.3-051
|2 2011
|
| 080 |
|
|
|a 070.4-055.1
|2 2011
|
| 080 |
|
|
|a 37.011.3-051
|2 2011
|
| 080 |
|
|
|a 929(092)
|2 2011
|
| 080 |
|
|
|a (0:82-94)
|2 2011
|
| 080 |
|
|
|a (082.2)
|2 2011
|
| 080 |
|
|
|a (082)
|2 2011
|
| 245 |
0 |
0 |
|a Sborníček k sedmdesátým narozeninám lidovýchovného pracovníka spisovatele Karla Kálala
|c redigovali Ján Hamaliar a Fr. Loubal
|
| 246 |
1 |
|
|i Správny názov:
|a Sborníček k sedmdesátým narozeninám lidovýchovného pracovníka, spisovatele Karla Kálala
|
| 260 |
|
|
|a Brno
|b Kroužek oddaných žáků
|c 1930
|
| 300 |
|
|
|a 102 strán
|b ilustrácie
|c 21 cm
|
| 500 |
|
|
|a Fotografia na frontispice. Poznámky pod čiarou
|
| 500 |
|
|
|a Obsahuje 19 príspevkov
|
| 546 |
|
|
|a Čiastočný text v slovenčine
|
| 600 |
1 |
7 |
|a Kálal, Karel,
|d 1860-1930
|2 SNKMA
|9 86016
|
| 650 |
0 |
7 |
|a českí spisovatelia
|2 SNKPH
|9 82537
|
| 650 |
0 |
7 |
|a učitelia
|2 SNKPH
|9 3995
|
| 650 |
0 |
7 |
|a publicisti
|2 SNKPH
|9 63929
|
| 655 |
|
7 |
|a biografie
|2 SNKPH
|9 27965
|
| 655 |
|
7 |
|a zborníky
|2 SNKPH
|9 70165
|
| 655 |
|
7 |
|a spomienky
|2 SNKPH
|9 29509
|
| 655 |
|
7 |
|a jubilejné publikácie
|2 SNKPH
|9 70339
|
| 700 |
1 |
|
|a Hamaliar, Ján Igor,
|d 1905-1931
|4 pfr
|9 40191
|
| 700 |
1 |
|
|a Loubal, František,
|d 1893-1950
|4 pfr
|9 48189
|
| 740 |
0 |
2 |
|a Psaníčka strážnických dorostenek spisovateli K. Kálalovi
|
| 740 |
0 |
2 |
|a K. Kálal poznáním a lidovýchovou k československé jednotě
|
| 740 |
0 |
2 |
|a Karel Kálal, český učiteľ - slovenský buditeľ
|
| 740 |
0 |
2 |
|a Rozpomienky na K. Kálala
|
| 740 |
0 |
2 |
|a Karol Kálal
|
| 740 |
0 |
2 |
|a Milé chvíle s Kálalom
|
| 740 |
0 |
2 |
|a Dík Karlu Kálalovi
|
| 740 |
0 |
2 |
|a Karel Kálal v úřadě
|
| 740 |
0 |
2 |
|a Něco z rodiny a pracovny
|
| 740 |
0 |
2 |
|a Karel Kálal spisovatelem pro mládež
|
| 740 |
0 |
2 |
|a Učitel a vychovatel Karel Kálal
|
| 740 |
0 |
2 |
|a Moje osobné rozpomienky na K. Kálala
|
| 740 |
0 |
2 |
|a Karolovi Kálalovi
|
| 740 |
0 |
2 |
|a Jak jsem poznal Karla Kálala
|
| 740 |
0 |
2 |
|a List
|
| 740 |
0 |
2 |
|a Milému K. Kálalovi pozdravení!
|
| 740 |
0 |
2 |
|a Kálalovo úsilí o mravní povznesení národa
|
| 740 |
0 |
2 |
|a Apoštol dobra
|
| 740 |
0 |
2 |
|a Tak dlouho se ohřívali, až zmrzli
|
| 852 |
|
|
|a Slovenská národná knižnica
|
| 954 |
|
|
|a odborná, vedecká literatúra pôvodná (slovenská)
|2 lita
|
| 954 |
|
|
|a odborná, vedecká literatúra cudzojazyčná (svetová)
|2 lita
|
| 958 |
|
|
|a RK
|
| 958 |
|
|
|a TL
|
| 958 |
|
|
|a ONDV
|
| 958 |
|
|
|a ZB
|
| 958 |
|
|
|a BC
|
| 999 |
|
|
|c 610548
|d 612478
|
| 952 |
|
|
|a SNK
|b SNK
|y PREZ
|7 0
|p 17A0235849
|o snkSC 1490
|i snk1236/33
|0 0
|1 0
|4 0
|d 2000-04-27
|f 1
|l 0
|r 2025-06-11 00:00:00
|w 2026-02-23
|
| 952 |
|
|
|a SNK
|b SNK
|y VYP
|7 0
|p 17A0478942
|o snkSC 1490 D2
|i snkK 1361/64
|3 rekatalogizácia
|0 0
|1 0
|4 0
|d 2005-07-21
|l 0
|r 2026-02-23 16:21:50
|w 2026-02-23
|